000 00753nam a2200217 a 4500
001 20873
003 CO-ViMGA
008 141112s2004 ck r 000 u spa d
040 _aCO-ViMGA
_bspa
_cCO-ViMGA
082 _a303.32 L365m
100 1 _aLeón Lagos, Gilberto
_95706
245 1 0 _aMomentos de reflexión para el alma; Desarma tu espiritu y obtendrás un corazón bondadoso
260 _aVillavicencio :
_bAndina,
_c2004
300 _a134p
590 _aForma de adquisición : Compra - - Precio : 19000 - - Proveedor : Inversiones Ladino e hijos - - Fecha de adquisición : Julio 2006
650 1 4 _aCAMBIO SOCIAL
_95707
650 1 4 _aCONVIVENCIA
_95708
650 1 4 _aVALORES SOCIALES
650 1 4 _aVIDA EN COMUNIDAD
_95709
942 _2ddc
_cBK
999 _c10953
_d10953